The leader's shadow exploring and developing executive character /

Bibliographic Details
Main Author: Judge, William Q.
Corporate Author: ProQuest (Firm)
Format: Electronic eBook
Language:English
Published: Thousand Oaks, Calif. : Sage Publications, c1999.
Subjects:
Online Access:Click to View
LEADER 01447nam a2200397Ia 4500
001 EBC996817
003 MiAaPQ
005 20200520144314.0
006 m o d |
007 cr cn|||||||||
008 981104s1999 caua sb 001 0 eng d
010 |z  98040294  
020 |z 0761915389 (acid-free paper) 
020 |z 0761915397 (pbk. : acid-free paper) 
020 |z 9780761915393 
020 |z 9781452264639 
035 |a (MiAaPQ)EBC996817 
035 |a (Au-PeEL)EBL996817 
035 |a (CaPaEBR)ebr10582268 
035 |a (CaONFJC)MIL672920 
035 |a (OCoLC)809772729 
040 |a MiAaPQ  |c MiAaPQ  |d MiAaPQ 
050 4 |a HD57.7  |b .J83 1999 
082 0 4 |a 658.4/092  |2 21 
100 1 |a Judge, William Q. 
245 1 4 |a The leader's shadow  |h [electronic resource] :  |b exploring and developing executive character /  |c William Q. Judge. 
260 |a Thousand Oaks, Calif. :  |b Sage Publications,  |c c1999. 
300 |a xx, 216 p. :  |b ill. 
504 |a Includes bibliographical references (p. 197-207) and index. 
533 |a Electronic reproduction. Ann Arbor, MI : ProQuest, 2015. Available via World Wide Web. Access may be limited to ProQuest affiliated libraries. 
650 0 |a Leadership. 
650 0 |a Executive ability. 
650 0 |a Chief executive officers. 
655 4 |a Electronic books. 
710 2 |a ProQuest (Firm) 
856 4 0 |u https://ebookcentral.proquest.com/lib/matrademy/detail.action?docID=996817  |z Click to View